| 000 | 00416nam a2200157Ia 4500 | ||
|---|---|---|---|
| 008 | 230312s9999||||xx |||||||||||||| ||und|| | ||
| 020 | _a0-7637-4430-4 | ||
| 082 |
_a621.3 _bJAN-I |
||
| 100 | _aJanes;Ray.A | ||
| 245 | 0 | _aImplementing the Electrical Safety Program | |
| 260 |
_bNFPA _aUSA _c2007 |
||
| 300 | _a147 | ||
| 546 | _aEng. | ||
| 650 |
_aEngineering _vImplementing the Electrical Safety Program |
||
| 942 | _cBK | ||
| 999 |
_c7533 _d7533 |
||